The bad butterfly / by Sally Rippin ; illustrated ... Read More
Available copies
- 1 of 1 copy available at LARL/NWRL Consortium.
Current holds
0 current holds with 1 total copy.
Show All Copies
| Location | Call Number / Copy Notes | Barcode | Shelving Location | Status | Due Date |
|---|---|---|---|---|---|
| Warroad Public Library | j RIP (Text) | 35500006733719 | Main | Available | - |
Record details
- Physical Description: 42 pages : illustrations ; 20 cm.
- Publisher: Richmond, Victoria : Hardie Grant Egmont, 2020.
Content descriptions
| General Note: | First published in 2010. This volume is a part of the 'Billie B Brown' 10 years anniversary collection 23 books set. |
| Summary, etc.: | Billie has started Ballet classes. She wants to be ... Read More |
Search for related items by subject
| Subject: | Girls > Juvenile fiction. Ballet dancing > Juvenile fiction. Dance > Juvenile fiction. Ballet dancing. Dance. Girls. |
| Genre: | Fiction. Juvenile works. |
Search for related items by series
| LDR | 01707cam a2200421 i 4500 | ||
|---|---|---|---|
| 001 | 426773 | ||
| 003 | LARL_NWRL_CONSORTIUM | ||
| 005 | 20231129160226.0 | ||
| 008 | 210421r20202010vraa j 000 1 eng | ||
| 040 | . | ‡aCKE ‡beng ‡erda ‡cCKE ‡dOCLCO ‡dOCLCF ‡dIFK ‡dOCLCO | |
| 020 | . | ‡z9781760507251 ‡q(set) | |
| 020 | . | ‡z9781760509125 ‡q(set) | |
| 035 | . | ‡a(OCoLC)1246785448 | |
| 082 | 0 | 4. | ‡a[Fic] ‡223 |
| 100 | 1 | . | ‡aRippin, Sally, ‡eauthor. |
| 245 | 1 | 4. | ‡aThe bad butterfly / ‡cby Sally Rippin ; illustrated by Aki Fukuoka. |
| 264 | 1. | ‡aRichmond, Victoria : ‡bHardie Grant Egmont, ‡c2020. | |
| 300 | . | ‡a42 pages : ‡billustrations ; ‡c20 cm. | |
| 336 | . | ‡atext ‡btxt ‡2rdacontent | |
| 337 | . | ‡aunmediated ‡bn ‡2rdamedia | |
| 338 | . | ‡avolume ‡bnc ‡2rdacarrier | |
| 490 | 0 | . | ‡aBillie B Brown ; ‡v1 |
| 500 | . | ‡aFirst published in 2010. | |
| 500 | . | ‡aThis volume is a part of the 'Billie B Brown' 10 years anniversary collection 23 books set. | |
| 520 | . | ‡aBillie has started Ballet classes. She wants to be a famous ballerina! But will Billie's dancing dreams come true? | |
| 650 | 0. | ‡aGirls ‡vJuvenile fiction. ‡0(LARL_NWRL_CONSORTIUM)169117 | |
| 650 | 0. | ‡aBallet dancing ‡vJuvenile fiction. | |
| 650 | 0. | ‡aDance ‡vJuvenile fiction. ‡0(LARL_NWRL_CONSORTIUM)171798 | |
| 650 | 7. | ‡aBallet dancing. ‡2fast ‡0(LARL_NWRL_CONSORTIUM)14587 | |
| 650 | 7. | ‡aDance. ‡2fast ‡0(LARL_NWRL_CONSORTIUM)18221 | |
| 650 | 7. | ‡aGirls. ‡2fast ‡0(LARL_NWRL_CONSORTIUM)21250 | |
| 655 | 7. | ‡aFiction. ‡2fast | |
| 655 | 7. | ‡aJuvenile works. ‡2fast | |
| 901 | . | ‡a426773 ‡bAUTOGEN ‡c426773 ‡tbiblio | |

Add to basket
Permalink
Disable Highlighting